El Llibre Verd de Manresa (1218 - 1902) / edició a cura de Marc Torras i Serra ; col·laboradors, Josep M. Gasol Almendros ... [et al.]
Descripción Física:
677 p. ; 24 cm
Colección:
Llibres de privilegis ; 5
MARC
| LEADER | 00000nam a2200000Ia 4500 | ||
|---|---|---|---|
| 001 | 11523 | ||
| 008 | 160829s1996 xx 000 0 cat d | ||
| 080 | |a H-1-263 | ||
| 245 | |a El Llibre Verd de Manresa (1218 - 1902) / edició a cura de Marc Torras i Serra ; col·laboradors, Josep M. Gasol Almendros ... [et al.] | ||
| 260 | |a Barcelona : |b Fundació Noguera, |c 1996 | ||
| 300 | |a 677 p. ; |c 24 cm | ||
| 490 | |a Llibres de privilegis ; 5 | ||
| 650 | |a Privilegis i immunitats |x Manresa |x 1218/1902 |9 34643 | ||
| 700 | 1 | |a Torras i Serra, Marc |e editor literari |9 19874 | |
| 700 | 1 | |a Gasol, Josep M. |q (Josep Maria), |d 1924-2018 |9 21229 | |
| 700 | |a Fundació Noguera |9 70407 | ||
| 901 | |a Arxiu | ||
| 942 | |n 1 |2 udc | ||
| 952 | |0 0 |1 0 |4 0 |6 H1263 |7 1 |9 46597 |a Arxiu |b Arxiu |d 2016-12-01 |l 0 |o H-1-263 |p 11523 |r 2016-12-01 00:00:00 |w 2016-12-01 |y ARXIU | ||
| 999 | |c 50390 |d 50390 | ||